<?xml version="1.0" encoding="UTF-8"?>
<record
    xmlns:xsi="http://www.w3.org/2001/XMLSchema-instance"
    xsi:schemaLocation="http://www.loc.gov/MARC21/slim http://www.loc.gov/standards/marcxml/schema/MARC21slim.xsd"
    xmlns="http://www.loc.gov/MARC21/slim">

  <leader>01758nam a22001817a 4500</leader>
  <controlfield tag="005">20220413170350.0</controlfield>
  <controlfield tag="008">220413b           ||||| |||| 00| 0 eng d</controlfield>
  <datafield tag="020" ind1=" " ind2=" ">
    <subfield code="a">9780415288507</subfield>
  </datafield>
  <datafield tag="050" ind1=" " ind2=" ">
    <subfield code="a">HF1418.5.G586</subfield>
  </datafield>
  <datafield tag="245" ind1=" " ind2=" ">
    <subfield code="a">Globalization, marginalization and development /</subfield>
    <subfield code="c">edited by S. Mansoob Murshed.</subfield>
  </datafield>
  <datafield tag="260" ind1=" " ind2=" ">
    <subfield code="a">London :</subfield>
    <subfield code="b">Routledge,</subfield>
    <subfield code="c">2003.</subfield>
  </datafield>
  <datafield tag="300" ind1=" " ind2=" ">
    <subfield code="a">xiv, 255 pages :</subfield>
    <subfield code="c">25 cm.</subfield>
  </datafield>
  <datafield tag="490" ind1=" " ind2=" ">
    <subfield code="a">Routledge Studies in Development Economics</subfield>
  </datafield>
  <datafield tag="500" ind1=" " ind2=" ">
    <subfield code="a">Includes references and index.</subfield>
  </datafield>
  <datafield tag="505" ind1=" " ind2=" ">
    <subfield code="a">Contents : Perspectives on two phrases of globalization -- Financial sector regulation in a globalized context -- Globalization, informalization, criminalization and north- south interaction -- Labour standards in exports and developing countries -- Globalization, technology transfer and skills accumulation in low-income countries -- Linkages between smaller and larger developing economics : the role of FDI -- The challenges posed by globalization for economic liberalization in two Asian transitional countries : Laos and Vietnam -- Protectionist tendencies in the north and vulnerable economics in the south -- The problem of contingent protection -- WTO negotiation and accession issues -- Special and differential treatment for developing countries : helping those who help themselves? -- Growth, economic development and structural  transition in small vulnerable states -- Micro-states in a global economy : the role of institutions and networks in managing vulnerability and opportunity -- ;Globalization and the island economies of South Pacific -- Global integration and growth in Honduras and Nicaragua -- Botswana and Zimbabwe : relative success and comparative failure?. 




</subfield>
  </datafield>
  <datafield tag="700" ind1=" " ind2=" ">
    <subfield code="a">Murshed, S. Mansoob.</subfield>
  </datafield>
  <datafield tag="942" ind1=" " ind2=" ">
    <subfield code="2">lcc</subfield>
    <subfield code="c">BK</subfield>
  </datafield>
  <datafield tag="999" ind1=" " ind2=" ">
    <subfield code="c">8973</subfield>
    <subfield code="d">16473</subfield>
  </datafield>
  <datafield tag="952" ind1=" " ind2=" ">
    <subfield code="0">0</subfield>
    <subfield code="1">0</subfield>
    <subfield code="2">lcc</subfield>
    <subfield code="4">0</subfield>
    <subfield code="7">0</subfield>
    <subfield code="a">WIUC-1</subfield>
    <subfield code="b">WIUC-1</subfield>
    <subfield code="c">REF</subfield>
    <subfield code="d">2022-04-13</subfield>
    <subfield code="l">0</subfield>
    <subfield code="o">HF1418.5.G586</subfield>
    <subfield code="p">9156/608/22</subfield>
    <subfield code="r">2022-04-13 00:00:00</subfield>
    <subfield code="t">1</subfield>
    <subfield code="w">2022-04-13</subfield>
    <subfield code="y">BK</subfield>
  </datafield>
</record>
